ELECTRONIC DEVICES AND CIRCUITS, DISCRETE AD INTEGRATED (Record no. 574525)
[ view plain ]
| 000 -LEADER | |
|---|---|
| fixed length control field | 00391nam a22001337a 4500 |
| 020 ## - INTERNATIONAL STANDARD BOOK NUMBER | |
| International Standard Book Number | 4-8337-0273-8 |
| 082 ## - DEWEY DECIMAL CLASSIFICATION NUMBER | |
| Classification number | 621.381530422 GHA'E |
| 100 ## - MAIN ENTRY--PERSONAL NAME | |
| Personal name | GHAUSI, M. S |
| 9 (RLIN) | 66574 |
| 245 ## - TITLE STATEMENT | |
| Title | ELECTRONIC DEVICES AND CIRCUITS, DISCRETE AD INTEGRATED |
| 260 ## - PUBLICATION, DISTRIBUTION, ETC. | |
| Place of publication, distribution, etc. | NEWYORK |
| Name of publisher, distributor, etc. | HOLT |
| Date of publication, distribution, etc. | 1985 |
| 300 ## - PHYSICAL DESCRIPTION | |
| Extent | 808P |
| 650 ## - SUBJECT ADDED ENTRY--TOPICAL TERM | |
| Topical term or geographic name entry element | TRANSISTOR CIRCUITS TRANSISTOR AMPLIFIER DIGITAL ELECTRONICS |
| 9 (RLIN) | 66575 |
| 942 ## - ADDED ENTRY ELEMENTS (KOHA) | |
| Koha item type | Book |
| Withdrawn status | Lost status | Damaged status | Not for loan | Permanent Location | Current Location | Shelving location | Date acquired | Total Checkouts | Full call number | Barcode | Date last seen | Price effective from | Koha item type |
|---|---|---|---|---|---|---|---|---|---|---|---|---|---|
| College of Electrical & Mechanical Engineering (CEME) | College of Electrical & Mechanical Engineering (CEME) | General Stacks | 07/31/2017 | 621.381530422 GHA'E | CEME-22360 | 06/28/2021 | 06/28/2021 | Book |
